Aranymisések ; "-hogy örömhírt vigyek-" ; "Legyen meg a Te akaratod-" beszélgetés msgr. Lénár Károly tardoskeddi esperes- plébánossal : beszélgetés Koller József vajkai plébánossal

Bibliographic Details
Main Authors: Jakubecz, Márta, 1962- (ain), Lénár, Károly, 1923-2005 (Author, uin), Koller, József (Author, uin)
Format: Article
Language:Hungarian
PhysicalDescription:Fotogr.
Subjects:

MARC

LEADER 00000nab a2200000 a 4500
001 vtls000668890
003 SK-MaSNL
005 20260302190313.0
008 160405c1998 xo 0 hun
015 |a SNBRA1998/07-20326 
035 |a CLN000021070 
040 |a SNKBUCL  |b slo  |c SNKBUCL  |e AACR2 
041 0 |a hun 
044 |a xo  |c SK 
080 |a 2-051(437.6=945.11)  |2 1997 
080 |a 282  |2 1997 
100 1 |a Jakubecz, Márta,  |d 1962-  |4 ain  |9 306255 
245 1 0 |a Aranymisések ; "-hogy örömhírt vigyek-" ; "Legyen meg a Te akaratod-"  |b beszélgetés msgr. Lénár Károly tardoskeddi esperes- plébánossal : beszélgetés Koller József vajkai plébánossal  |c [beszélgetett] 
300 |b Fotogr. 
600 1 7 |a Lénár, Károly  |d 1923-2005  |2 snkbucl  |9 22247 
600 1 7 |a Koller, József  |2 snkbucl  |9 904218 
651 7 |a 404  |2 snkbucl  |9 296361 
651 7 |a 201  |2 snkbucl  |9 294639 
655 7 |a články z novín a časopisov  |2 snkbucl  |9 267496 
700 1 |a Lénár, Károly,  |d 1923-2005  |4 aut  |4 uin  |9 22247 
700 1 |a Koller, József  |4 aut  |4 uin  |9 904218 
773 0 |t Remény  |g Roč. 9, č. 25 (1998), s. 4-5 
850 |a Slovenská národná knižnica v Martine 
852 |a SNK  |b KIS3GCP 
958 |a HU 
958 |a SK 
958 |a RBX 
999 |c 1432844  |d 1434774